| 000 | 01703nam a2200397 i 4500 | ||
|---|---|---|---|
| 001 | 193560 | ||
| 003 | SpMaBN | ||
| 005 | 20251030143216.0 | ||
| 007 | ta | ||
| 008 | 240115s1924 sp a | |||| 000 0 spa | ||
| 016 | 7 |
_abimoBNE19993918236 _zIND9300552967 _2SpMaBN |
|
| 035 | _a(OCoLC)776476258 | ||
| 035 | _abimo0001141025 | ||
| 040 |
_aSpMaBN _bspa _cA2 _dSpMaBN _eES-MaACL |
||
| 080 | _a(599) | ||
| 080 | _a271.2(5-11)(084.3) | ||
| 080 | _a271.2(599)(084.3) | ||
| 080 | _a271.2-9(084.3) | ||
| 245 | 0 | 0 | _aMapas de las misiones dominicanas en Extremo Oriente, de la Provincia del Santísimo Rosario de Filipinas |
| 260 |
_aMadrid : _b[s.n.], _c1924 _f(Blass, S.A.) |
||
| 300 |
_a57 p., VIII h. de mapas col. ; _cFol. (35 cm) |
||
| 336 |
_2rdacontent _aTexto |
||
| 337 |
_2rdamedia _asin mediación |
||
| 338 |
_2rdacarrier _avolumen |
||
| 610 | 2 | 7 |
_aDominicos- _xMisiones- _vMapas _9160411 |
| 610 | 2 | 7 |
_aDominicos- _zFilipinas- _vMapas _9160412 |
| 610 | 2 | 7 |
_aDominicos- _zAsia oriental- _vMapas _9160413 |
| 610 | 2 | 7 |
_aDominicos. _bProvincia del Santísimo Rosario _9160414 |
| 655 | 4 |
_aMapas topográficos- _yS. XX _9234864 |
|
| 852 |
_aES-MaACL _bR.M.3 _bR.4525 _cSVI _jD-3 _fSello en tinta rectangular: "Ateneo de Madrid. Biblioteca" _gAnotación manuscrita en portada: "Al Ateneo de Madrid. Dr. Enrique Pacheco y de Leyva" _hDonación: Enrique Pacheco y Leyva _zControl: 15-01-2024 _9100801 |
||
| 856 | 4 |
_uhttp://bdh-rd.bne.es/viewer.vm?id=0000048623&page=1 _y(Biblioteca Digital Hispánica) |
|
| 903 |
_aPacheco y de Leyva, Enrique, _d1878-1924 _ednr _q1 _988141 |
||
| 942 |
_n0 _cMONOGRAFIA |
||
| 999 |
_c193560 _d193560 |
||